Polskie kluby piłkarskie - Statystyki

Ogólne statystyki
  • Ten quiz został rozwiązany 103 razy
  • Średni wynik to 46 z 126
Statystyki odpowiedzi
Nr. Liga Klub % Poprawnych
8. Ekstraklasa Legia Warszawa
97%
6. Ekstraklasa Lech Poznań
96%
4. Ekstraklasa Jagiellonia Białystok
90%
16. Ekstraklasa Śląsk Wrocław
88%
11. Ekstraklasa Pogoń Szczecin
87%
7. Ekstraklasa Lechia Gdańsk
86%
14. Ekstraklasa Raków Częstochowa
86%
2. Ekstraklasa GKS Katowice
84%
1. Ekstraklasa Cracovia
83%
19. 1 Liga Arka Gdynia
81%
9. Ekstraklasa Motor Lublin
81%
3. Ekstraklasa Górnik Zabrze
80%
15. Ekstraklasa Stal Mielec
80%
17. Ekstraklasa Widzew Łódź
80%
18. Ekstraklasa Zagłębie Lubin
78%
25. 1 Liga ŁKS Łódź
77%
13. Ekstraklasa Radomiak Radom
75%
34. 1 Liga Wisła Kraków
75%
10. Ekstraklasa Piast Gliwice
74%
5. Ekstraklasa Korona Kielce
72%
29. 1 Liga Polonia Warszawa
72%
30. 1 Liga Ruch Chorzów
70%
12. Ekstraklasa Puszcza Niepołomice
68%
31. 1 Liga Stal Rzeszów
65%
20. 1 Liga Bruk-Bet Termalica Nieciecza
64%
51. 2 Liga Wieczysta Kraków
64%
27. 1 Liga Odra Opole
62%
33. 1 Liga Warta Poznań
61%
35. 1 Liga Wisła Płock
61%
48. 2 Liga Resovia Rzeszów
59%
54. 2 Liga Zagłębie Sosnowiec
58%
66. 3 Liga Grupa 1 Stomil Olsztyn
57%
23. 1 Liga Górnik Łęczna
55%
24. 1 Liga Kotwica Kołobrzeg
55%
22. 1 Liga GKS Tychy
54%
26. 1 Liga Miedź Legnica
54%
36. 1 Liga Znicz Pruszków
54%
46. 2 Liga Polonia Bytom
52%
75. 3 Liga Grupa 2 Elana Toruń
51%
44. 2 Liga Podbeskidzie Bielsko-Biała
51%
32. 1 Liga Stal Stalowa Wola
51%
90. 3 Liga Grupa 2 Zawisza Bydgoszcz
51%
21. 1 Liga Chrobry Głogów
48%
39. 2 Liga Hutnik Kraków
48%
80. 3 Liga Grupa 2 Lech II Poznań
46%
40. 2 Liga KKS Kalisz
45%
60. 3 Liga Grupa 1 Legia II Warszawa
45%
28. 1 Liga Pogoń Siedlce
43%
41. 2 Liga ŁKS II Łódź
41%
42. 2 Liga Olimpia Elbląg
39%
45. 2 Liga Pogoń Grodzisk Mazowiecki
39%
49. 2 Liga Skra Częstochowa
39%
71. 3 Liga Grupa 1 Wigry Suwałki
38%
53. 2 Liga Zagłębie II Lubin
38%
56. 3 Liga Grupa 1 GKS Bełchatów
36%
120. 3 Liga Grupa 4 Siarka Tarnobrzeg
36%
47. 2 Liga Rekord Bielsko-Biała
35%
119. 3 Liga Grupa 4 Sandecja Nowy Sącz
35%
105. 3 Liga Grupa 3 Śląsk II Wrocław
35%
37. 2 Liga Chojniczanka Chojnice
32%
43. 2 Liga Olimpia Grudziądz
32%
52. 2 Liga Wisła Puławy
32%
95. 3 Liga Grupa 3 Lechia Zielona Góra
30%
61. 3 Liga Grupa 1 ŁKS Łomża
30%
50. 2 Liga Świt Skolwin
29%
124. 3 Liga Grupa 4 Wisła II Kraków
29%
83. 3 Liga Grupa 2 Pogoń II Szczecin
28%
38. 2 Liga GKS Jastrzębie-Zdrój
26%
58. 3 Liga Grupa 1 Jagiellonia II Białystok
26%
114. 3 Liga Grupa 4 KSZO Ostrowiec Świętokrzyski
26%
68. 3 Liga Grupa 1 Unia Skierniewice
26%
112. 3 Liga Grupa 4 Korona II Kielce
25%
109. 3 Liga Grupa 4 Avia Świdnik
22%
63. 3 Liga Grupa 1 Pelikan Łowicz
20%
72. 3 Liga Grupa 1 Wisła II Płock
20%
76. 3 Liga Grupa 2 Flota Świnoujście
19%
93. 3 Liga Grupa 3 Górnik II Zabrze
19%
123. 3 Liga Grupa 4 Unia Tarnów
19%
125. 3 Liga Grupa 4 Wisłoka Dębica
19%
55. 3 Liga Grupa 1 Broń Radom
17%
57. 3 Liga Grupa 1 GKS Wikielec
17%
97. 3 Liga Grupa 3 Miedź II Legnica
17%
78. 3 Liga Grupa 2 Gryf Słupsk
16%
59. 3 Liga Grupa 1 Lechia Tomaszów Mazowiecki
16%
104. 3 Liga Grupa 3 Stilon Gorzów Wielkopolski
16%
70. 3 Liga Grupa 1 Warta Sieradz
16%
110. 3 Liga Grupa 4 Chełmianka Chełm
14%
92. 3 Liga Grupa 3 Górnik Polkowice
14%
98. 3 Liga Grupa 3 MKS Kluczbork
14%
116. 3 Liga Grupa 4 Podhale Nowy Targ
14%
108. 3 Liga Grupa 3 Warta Gorzów Wielkopolski
14%
65. 3 Liga Grupa 1 Sokół Aleksandrów Łódzki
13%
67. 3 Liga Grupa 1 Świt Nowy Dwór Mazowiecki
13%
62. 3 Liga Grupa 1 Mławianka Mława
12%
84. 3 Liga Grupa 2 Polonia Środa Wielkopolska
12%
73. 3 Liga Grupa 2 Błękitni Stargard
10%
103. 3 Liga Grupa 3 Stal Brzeg
10%
121. 3 Liga Grupa 4 Star Starachowice
10%
91. 3 Liga Grupa 3 Carina Gubin
9%
94. 3 Liga Grupa 3 Karkonosze Jelenia Góra
9%
100. 3 Liga Grupa 3 Podlesianka Katowice
9%
64. 3 Liga Grupa 1 Polonia Lidzbark Warmiński
9%
69. 3 Liga Grupa 1 Victoria Sulejówek
9%
106. 3 Liga Grupa 3 Ślęza Wrocław
7%
85. 3 Liga Grupa 2 Sokół Kleczew
7%
122. 3 Liga Grupa 4 Świdniczanka Świdnik
7%
111. 3 Liga Grupa 4 Czarni Połaniec
6%
77. 3 Liga Grupa 2 Gedania Gdańsk
6%
96. 3 Liga Grupa 3 LKS Goczałkowice Zdrój
6%
117. 3 Liga Grupa 4 Podlasie Biała Podlaska
6%
101. 3 Liga Grupa 3 Polonia Słubice
6%
86. 3 Liga Grupa 2 Unia Swarzędz
6%
126. 3 Liga Grupa 4 Wiślanie Skawina
6%
79. 3 Liga Grupa 2 Kotwica Kórnik
4%
113. 3 Liga Grupa 4 KS Wiązownica
4%
81. 3 Liga Grupa 2 Noteć Czarnków
4%
99. 3 Liga Grupa 3 Odra Bytom Odrzański
4%
102. 3 Liga Grupa 3 Pniówek-74 Pawłowice Śląskie
4%
82. 3 Liga Grupa 2 Pogoń Nowe Skalmierzyce
4%
87. 3 Liga Grupa 2 Vineta Wolin
4%
88. 3 Liga Grupa 2 Wda Świecie
4%
89. 3 Liga Grupa 2 Wybrzeże Rewalskie Rewal
4%
74. 3 Liga Grupa 2 Cartusia Kartuzy
3%
118. 3 Liga Grupa 4 Pogoń-Sokół Lubaczów
3%
115. 3 Liga Grupa 4 Lewart Lubartów
1%
107. 3 Liga Grupa 3 Unia Turza Śląska
1%
Nie znaleziono quizów pasujących do podanych kryteriów
Rozkład punktacji
Procent ludzi z każdym wynikiem
Percentyl według liczby udzielonych odpowiedzi
Twoja historia wyników
Nie rozwiązałeś tego quizu